[Event "Open Hradec Králové 2017"]
[Site "Hradec Králové"]
[Date "2017.10.02"]
[Round "2"]
[White "Roessel, Louis"]
[Black "Leutwyler, Mathias"]
[Result "1/2-1/2"]
[WhiteElo "1831"]
[BlackElo "2109"]
[PlyCount "79"]
[EventDate "2017.10.01"]

1. e4 c5 2. Nf3 e6 3. d4 cxd4 4. Nxd4 Nc6 5. Nc3 Nf6 6. Be3 Bb4 7. Bd3 d5 8.
exd5 exd5 9. O-O O-O 10. h3 Re8 11. Nce2 Ne5 12. Bb5 Bd7 13. c3 Bd6 14. Bg5 Nc6
15. Bd3 h6 16. Bf4 Ne5 17. Bxe5 Rxe5 18. Nf3 Re8 19. c4 dxc4 20. Bxc4 Bc6 21.
Ned4 Be4 22. Qb3 Re7 23. Rfd1 Qb8 24. Bd3 Bc5 25. Rac1 Bb6 26. Qa3 Qe8 27. Bb5
Qf8 28. Nh4 Re5 29. Qa4 Rd8 30. Nhf3 Rc5 31. Be2 Ra5 32. Qb3 Bd5 33. Bc4 Bxc4
34. Rxc4 Rad5 35. Qe3 Qe8 36. Qxe8+ Nxe8 37. Rd2 Nc7 38. Nb3 Rxd2 39. Nfxd2 Ne6
40. Kf1 1/2-1/2

[Event "Open Hradec Králové 2017"]
[Site "Hradec Králové"]
[Date "2017.10.02"]
[Round "2"]
[White "Rokos, Filip"]
[Black "Malinovsky, Petr"]
[Result "1/2-1/2"]
[WhiteElo "1806"]
[BlackElo "2027"]
[PlyCount "77"]
[EventDate "2017.10.01"]

1. e4 {[%emt 0:00:00]} c5 2. Nf3 e6 3. d4 cxd4 4. Nxd4 Nf6 5. Nc3 Nc6 6. Nxc6
bxc6 7. e5 Nd5 8. Ne4 Qc7 9. f4 Qa5+ 10. c3 Be7 11. Bd3 Ba6 12. O-O Bxd3 13.
Qxd3 f5 14. exf6 Nxf6 15. Be3 Nxe4 16. Qxe4 O-O 17. Rad1 Rad8 18. Rxd7 Rxd7 19.
Qxe6+ Rf7 20. Qxd7 Qxa2 21. Qxa7 Qxb2 22. Qa8+ Rf8 23. Qxc6 Bf6 24. c4 h6 25.
c5 Qb3 26. Qe4 Qf7 27. c6 Re8 28. Qc2 Bd8 29. Qc5 Bc7 30. Bd4 Re2 31. Bf2 Rb2
32. Qa3 Qxf4 33. g3 Qd2 34. Qe7 Bb6 35. Qe8+ Kh7 36. Qe4+ Kh8 37. Qe8+ Kh7 38.
Qe4+ Kh8 39. Qe8+ 1/2-1/2

[Event "Open Hradec Králové 2017"]
[Site "Hradec Králové"]
[Date "2017.10.02"]
[Round "2"]
[White "Vochozka, Jindrich"]
[Black "Belus, Benjamin"]
[Result "1-0"]
[WhiteElo "1802"]
[BlackElo "1941"]
[PlyCount "87"]
[EventDate "2017.10.01"]

1. d4 d5 2. c4 e6 3. Nc3 Nf6 4. Bg5 Be7 5. e3 Nbd7 6. Nf3 b6 7. cxd5 Nxd5 8.
Nxd5 exd5 9. Bxe7 Qxe7 10. Be2 O-O 11. O-O f5 12. Rc1 Qd6 13. Qc2 c5 14. Bb5 c4
15. Bxd7 Bxd7 16. g3 b5 17. a3 a5 18. Ne5 b4 19. axb4 axb4 20. Ra1 g6 21. f4
Bb5 22. Rfc1 Ra6 23. Qd1 Rfa8 24. Rxa6 Qxa6 25. g4 fxg4 26. Qxg4 Qc8 27. Qg2
Qe6 28. f5 Qd6 29. fxg6 hxg6 30. h4 Ra2 31. Qf3 Be8 32. Rb1 b3 33. Ng4 Kg7 34.
Ne5 Qe6 35. Qg3 Qf5 36. Rf1 Qc2 37. Qf3 Qf5 38. Qxd5 Qh3 39. Nxc4 Qg3+ 40. Qg2
Qxg2+ 41. Kxg2 Bb5 42. Rc1 Bxc4 43. Rxc4 Rxb2+ 44. Kf3 1-0

[Event "Open Hradec Králové 2017"]
[Site "Hradec Králové"]
[Date "2017.10.02"]
[Round "2"]
[White "Bartos, Karel"]
[Black "Sarvadh, Sathiaram"]
[Result "1/2-1/2"]
[WhiteElo "1816"]
[BlackElo "1606"]
[PlyCount "93"]
[EventDate "2017.10.01"]

1. e4 e6 2. d4 d5 3. Nc3 Bb4 4. e5 c5 5. a3 Bxc3+ 6. bxc3 Ne7 7. Nf3 Nbc6 8.
Be3 c4 9. Qd2 Bd7 10. Be2 O-O 11. O-O Ng6 12. Bg5 Nce7 13. a4 h6 14. Bxe7 Qxe7
15. Rfb1 Bc6 16. Re1 a5 17. Qc1 Qd7 18. Qa3 Ne7 19. Rab1 Nc8 20. Rb2 Ra6 21.
Reb1 Na7 22. h3 Rb8 23. Qc5 Nc8 24. Ra2 Kh7 25. Nh2 Bxa4 26. Rba1 b6 27. Qa3
Bc6 28. Ng4 Qe7 29. Qxe7 Nxe7 30. Ne3 Rba8 31. Rb2 b5 32. Bg4 a4 33. Ra3 Rb6
34. Kf1 Rab8 35. Ke1 b4 36. cxb4 Rxb4 37. Rxb4 Rxb4 38. Kd2 Nc8 39. Ra1 Na7 40.
c3 Rb6 41. Bd1 Ra6 42. Nc2 Bd7 43. Nb4 Ra5 44. Nc2 Nb5 45. Na3 Nxa3 46. Rxa3 f6
47. f4 1/2-1/2

[Event "Open Hradec Králové 2017"]
[Site "Hradec Králové"]
[Date "2017.10.02"]
[Round "2"]
[White "Gloser, David"]
[Black "Jaworski, Tymon"]
[Result "1/2-1/2"]
[WhiteElo "1941"]
[BlackElo "1328"]
[PlyCount "76"]
[EventDate "2017.10.01"]

1. e4 c5 2. Ne2 Nc6 3. g3 g6 4. Bg2 Bg7 5. c3 e6 6. O-O Nge7 7. d4 cxd4 8. cxd4
d5 9. e5 O-O 10. Nbc3 f6 11. f4 a6 12. Be3 b5 13. g4 f5 14. Ng3 h6 15. gxf5
Nxf5 16. Nxf5 gxf5 17. Rf3 Kh7 18. Kh1 Bd7 19. Rh3 Be8 20. Bf3 Bg6 21. Bf2 Qe8
22. Bh5 Bxh5 23. Rxh5 Qg6 24. Rh4 Rg8 25. Qf3 Bf8 26. Rg1 Qf7 27. Ne2 Rxg1+ 28.
Nxg1 Be7 29. Rh5 Rg8 30. Qh3 Rg6 31. Nf3 Qg7 32. Be3 Kh8 33. Qf1 Qf7 34. Rh3
Kh7 35. Bf2 Rg4 36. Rg3 Rxg3 37. hxg3 Qe8 38. Kg2 Nb4 1/2-1/2

[Event "Open Hradec Králové 2017"]
[Site "Hradec Králové"]
[Date "2017.10.02"]
[Round "2"]
[White "Izadian, Bizhan"]
[Black "Svoboda, Frantisek"]
[Result "1/2-1/2"]
[WhiteElo "1503"]
[BlackElo "1725"]
[PlyCount "65"]
[EventDate "2017.10.01"]

1. d4 d5 2. c4 c6 3. cxd5 cxd5 4. Nc3 e6 5. a3 Nc6 6. Nf3 h6 7. h3 Bd6 8. e3 a6
9. Be2 Nf6 10. O-O O-O 11. Bd3 Qc7 12. b4 Nxb4 13. Bb2 Nxd3 14. Qxd3 Bd7 15.
Rfc1 Qb8 16. a4 Rc8 17. Ba3 Bxa3 18. Rxa3 b5 19. axb5 Bxb5 20. Qd1 Bc4 21. Ne5
Qd6 22. Rca1 Nd7 23. Nxc4 Rxc4 24. Rb3 Qc6 25. Ne2 a5 26. Nc1 a4 27. Rba3 Rc2
28. Nd3 Qc4 29. Rb1 Rc3 30. Nb2 Qb4 31. Rxc3 Qxc3 32. Nxa4 Qc6 33. Rb4 1/2-1/2

[Event "Open Hradec Králové 2017"]
[Site "Hradec Králové"]
[Date "2017.10.02"]
[Round "2"]
[White "Smietanska, Wiktoria"]
[Black "Krasa, Marek"]
[Result "0-1"]
[WhiteElo "1422"]
[BlackElo "1684"]
[PlyCount "130"]
[EventDate "2017.10.01"]

1. c4 e6 2. Nc3 Nf6 3. d4 d5 4. cxd5 Nxd5 5. e4 Nxc3 6. bxc3 c5 7. Nf3 cxd4 8.
cxd4 Nc6 9. Be2 Bb4+ 10. Bd2 Qa5 11. Bxb4 Qxb4+ 12. Qd2 Qxd2+ 13. Kxd2 O-O 14.
Rab1 Rd8 15. Ke3 b6 16. Bb5 Bb7 17. Rhc1 Rac8 18. Rc2 Ne7 19. Rbc1 Rxc2 20.
Rxc2 Rc8 21. Rxc8+ Nxc8 22. Ne5 Nd6 23. Bc6 Ba6 24. d5 f6 25. Nd3 Kf7 26. dxe6+
Kxe6 27. Bd5+ Kd7 28. Nb4 Bf1 29. g3 a5 30. Nc2 Nb5 31. Kd2 Bh3 32. f4 Kd6 33.
Bc4 Nc7 34. Kd3 b5 35. Bg8 h6 36. Nd4 g5 37. Bh7 b4 38. Nf5+ Bxf5 39. Bxf5 gxf4
40. gxf4 Nb5 41. Kc4 Nc3 42. Kb3 Kc5 43. e5 a4+ 44. Kb2 fxe5 45. fxe5 Nd5 46.
Bd7 Nb6 47. Bf5 Nc4+ 48. Kc1 Nxe5 49. Bc2 a3 50. Kd1 Kd4 51. Bb3 Ke3 52. Bd5 h5
53. Kc2 Kd4 54. Bb7 h4 55. h3 Ng6 56. Kb3 Kc5 57. Bc8 Nf4 58. Bg4 Nd3 59. Kc2
Ne5 60. Be6 Nc6 61. Kd3 Nd4 62. Bg4 b3 63. axb3 a2 64. b4+ Kd5 65. Bh5 a1=Q 0-1

[Event "Open Hradec Králové 2017"]
[Site "Hradec Králové"]
[Date "2017.10.02"]
[Round "2"]
[White "Berger, Volkmar"]
[Black "Macha, Martin"]
[Result "1/2-1/2"]
[WhiteElo "1669"]
[BlackElo "1444"]
[PlyCount "53"]
[EventDate "2017.10.01"]

1. d4 d5 2. c4 e6 3. Nf3 Nf6 4. Bf4 c5 5. e3 Bd6 6. Bg3 O-O 7. Nc3 a6 8. Qc2
Nc6 9. a3 cxd4 10. exd4 Bxg3 11. hxg3 dxc4 12. O-O-O b5 13. d5 exd5 14. Nxd5 h6
15. Ne3 Qe7 16. Be2 Be6 17. Nh4 Rfd8 18. Bf3 Rxd1+ 19. Rxd1 Rd8 20. Nhf5 Rxd1+
21. Qxd1 Ne5 22. Qd6 Qxd6 23. Nxd6 Nxf3 24. gxf3 Nd7 25. Ne4 Ne5 26. Nc5 Bc8
27. Nd5 1/2-1/2

[Event "Open Hradec Králové 2017"]
[Site "Hradec Králové"]
[Date "2017.10.03"]
[Round "3"]
[White "Eryshkanova, Anastasia"]
[Black "Geller, Jakov"]
[Result "0-1"]
[WhiteElo "2127"]
[BlackElo "2526"]
[PlyCount "78"]
[EventDate "2017.10.01"]

1. Nf3 c5 2. e3 Nf6 3. d4 e6 4. Bd3 b6 5. O-O Bb7 6. b3 cxd4 7. exd4 Be7 8. Bb2
O-O 9. Re1 Nc6 10. a3 Rc8 11. Nc3 d5 12. Ne2 Re8 13. Ng3 Bf8 14. Qe2 g6 15. Ne5
Bg7 16. Rad1 Re7 17. h4 Nxe5 18. dxe5 Nd7 19. b4 Nf8 20. Bd4 Bc6 21. b5 Be8 22.
a4 Rec7 23. Qg4 h5 24. Qf4 Nd7 25. c3 Rxc3 26. Bxc3 Rxc3 27. Qb4 Nxe5 28. Bf1
Qc7 29. Be2 Bf8 30. Qb2 Bc5 31. Nh1 Ba3 32. Qd2 Bb4 33. Qd4 Bc5 34. Qd2 Rc2 35.
Qf4 Bd6 36. Qe3 Bb4 37. Ng3 Bxe1 38. Rxe1 Qc3 39. Qxc3 Rxc3 0-1

[Event "Open Hradec Králové 2017"]
[Site "Hradec Králové"]
[Date "2017.10.03"]
[Round "3"]
[White "Plischki, Sebastian"]
[Black "Sernecki, Franciszek"]
[Result "1/2-1/2"]
[WhiteElo "2397"]
[BlackElo "2109"]
[PlyCount "66"]
[EventDate "2017.10.01"]

1. d4 d5 2. c4 e6 3. Nc3 c5 4. cxd5 exd5 5. Nf3 Nc6 6. g3 c4 7. Bg2 Bb4 8. O-O
Nge7 9. e4 O-O 10. exd5 Nxd5 11. Nxd5 Qxd5 12. Be3 Bf5 13. Ne5 Be4 14. Bxe4
Qxe4 15. Nxc4 Rad8 16. f3 Qe6 17. Qb3 Rfe8 18. Rad1 b5 19. Ne5 Qxb3 20. axb3
Na5 21. Bf2 Bd6 22. Rfe1 f6 23. Nd3 Nxb3 24. Rxe8+ Rxe8 25. Nc5 Bxc5 26. dxc5
Kf8 27. c6 Rc8 28. Rd3 Na5 29. Bxa7 Nxc6 30. Bc5+ Kg8 31. g4 Ne5 32. Rd5 Nd3
33. b4 Nxc5 1/2-1/2

[Event "Open Hradec Králové 2017"]
[Site "Hradec Králové"]
[Date "2017.10.03"]
[Round "3"]
[White "Gurack, Daniel"]
[Black "Swicarz, Maciej"]
[Result "0-1"]
[WhiteElo "2075"]
[BlackElo "2363"]
[PlyCount "138"]
[EventDate "2017.10.01"]

1. e4 {[%emt 0:00:00]} c5 2. Nf3 d6 3. d4 Nf6 4. Nc3 cxd4 5. Nxd4 a6 6. Bg5
Nbd7 7. Qd2 h6 8. Bxf6 Nxf6 9. O-O-O e5 10. Nde2 Be7 11. h3 b5 12. Kb1 b4 13.
Nd5 Nxe4 14. Qe3 Bf5 15. f3 Nc5 16. Nxb4 Rb8 17. Qa3 Qc8 18. Nc3 O-O 19. Nbd5
Re8 20. Bc4 Bh4 21. g4 Bh7 22. Rh2 Kh8 23. Ne3 Re7 24. Bd5 e4 25. Nxe4 Bxe4 26.
fxe4 Bf6 27. c4 Nxe4 28. Bxe4 Rxe4 29. Rc2 a5 30. Nd5 Be5 31. Qd3 Rd4 32. Qe2
Qc5 33. Rf1 a4 34. Rxf7 a3 35. Rc7 Qa5 36. b3 Rf8 37. g5 Rh4 38. b4 Qa8 39. Qg2
Qe8 40. g6 Qe6 41. Re7 Qc8 42. Rf7 Re8 43. Nc7 Rg8 44. b5 Rxh3 45. Nd5 Rg3 46.
Qh1 Rh3 47. Qf1 Rg3 48. Ne7 Qc5 49. Rf8 Qb4+ 50. Kc1 Bf4+ 51. Rxf4 Rc3 52. Rxc3
Qxc3+ 53. Kd1 Qa1+ 54. Ke2 Qe5+ 55. Kd2 Qxe7 56. Rf5 Qe6 57. Kc3 Qxg6 58. Qf3
Qe8 59. Kb3 Qc8 60. Qd5 Re8 61. Kxa3 Qc7 62. Kb4 Rc8 63. a4 Qe7 64. b6 Qe1+ 65.
Kb3 Qb1+ 66. Kc3 Qxb6 67. Rf7 Rb8 68. Qe6 Qb2+ 69. Kd3 Rb3+ 0-1

[Event "Open Hradec Králové 2017"]
[Site "Hradec Králové"]
[Date "2017.10.03"]
[Round "3"]
[White "Jirasek, Pavel"]
[Black "Freeland, Alex"]
[Result "1-0"]
[WhiteElo "2292"]
[BlackElo "2034"]
[PlyCount "41"]
[EventDate "2017.10.01"]

1. e4 e6 2. d4 d5 3. e5 c5 4. c3 Nc6 5. Nf3 Bd7 6. a3 c4 7. Nbd2 Na5 8. g3 Nb3
9. Nxb3 Ba4 10. Qe2 Bxb3 11. h4 h6 12. Bh3 Ne7 13. h5 Nc6 14. O-O Qa5 15. Be3
b5 16. Nh4 Be7 17. Ng2 Kd7 18. f4 Raf8 19. f5 Qa4 20. fxe6+ fxe6 21. Bxe6+ 1-0

[Event "Open Hradec Králové 2017"]
[Site "Hradec Králové"]
[Date "2017.10.03"]
[Round "3"]
[White "Wolf, Andreas"]
[Black "Grela, Kacper"]
[Result "0-1"]
[WhiteElo "2006"]
[BlackElo "2274"]
[PlyCount "78"]
[EventDate "2017.10.01"]

1. d4 Nf6 2. c4 e6 3. Nf3 Bb4+ 4. Nbd2 O-O 5. a3 Bxd2+ 6. Bxd2 b6 7. e3 Bb7 8.
Bd3 d6 9. Bc3 Ne4 10. Bxe4 Bxe4 11. O-O Nd7 12. Qe2 f5 13. Rad1 Qe7 14. Nd2 Bb7
15. f3 e5 16. d5 Rae8 17. e4 f4 18. b4 Rf6 19. Rf2 Kh8 20. Nf1 g5 21. g3 h5 22.
h3 fxg3 23. Nxg3 Qh7 24. Nf5 Rg8 25. Kf1 Bc8 26. c5 bxc5 27. Ke1 cxb4 28. axb4
Nf8 29. Nd4 Ng6 30. Nc6 Bxh3 31. Qd2 Rf4 32. Qb2 Bd7 33. Bd2 Bxc6 34. Bxf4 Nxf4
35. dxc6 g4 36. Rdd2 g3 37. Rf1 h4 38. Qa2 h3 39. Rh1 g2 0-1

[Event "Open Hradec Králové 2017"]
[Site "Hradec Králové"]
[Date "2017.10.03"]
[Round "3"]
[White "Piankov, Evgenij"]
[Black "Slavik, Jan"]
[Result "1-0"]
[WhiteElo "2254"]
[BlackElo "1928"]
[PlyCount "63"]
[EventDate "2017.10.01"]

1. Nf3 Nf6 2. d4 d5 3. g3 e6 4. Bg2 Nbd7 5. O-O c5 6. c4 cxd4 7. Nxd4 Bc5 8.
Nb3 dxc4 9. Nxc5 Nxc5 10. Qc2 O-O 11. Qxc4 Qc7 12. Nc3 Bd7 13. Be3 Rac8 14.
Rac1 b6 15. b4 Na4 16. Qxc7 Rxc7 17. Nxa4 Rxc1 18. Rxc1 Bxa4 19. Rc7 a5 20.
bxa5 bxa5 21. Rc5 Bd1 22. Kf1 Ng4 23. Ke1 Nxe3 24. fxe3 Ba4 25. Rxa5 Bd7 26.
Ra7 Rd8 27. a4 g5 28. a5 Kg7 29. Rb7 Bc8 30. Rb8 Kf6 31. a6 Ke7 32. a7 1-0

[Event "Open Hradec Králové 2017"]
[Site "Hradec Králové"]
[Date "2017.10.03"]
[Round "3"]
[White "Novak, Ludek"]
[Black "Stein, Robert"]
[Result "0-1"]
[WhiteElo "1932"]
[BlackElo "2253"]
[PlyCount "98"]
[EventDate "2017.10.01"]

1. d4 Nf6 2. c4 e6 3. Nf3 d5 4. Bg5 c6 5. Nc3 dxc4 6. e3 b5 7. a4 Bb4 8. Bxf6
gxf6 9. Be2 Bb7 10. Nd2 a6 11. Na2 Be7 12. Qc2 Nd7 13. Bf3 Qb6 14. Nc3 O-O 15.
g4 c5 16. d5 Ne5 17. Be4 b4 18. Ne2 Nd3+ 19. Bxd3 cxd3 20. Qxd3 Rfd8 21. Rg1
Rxd5 22. Qc2 Rad8 23. Nc4 Qc7 24. Nf4 R5d7 25. Rg3 Qc6 26. f3 Bd6 27. Nxd6 Qxd6
28. Nh5 Qd2+ 29. Qxd2 Rxd2 30. Nxf6+ Kf8 31. Rh3 Rg2 32. Nxh7+ Kg7 33. Kf1 Rdd2
34. Rb1 Rgf2+ 35. Ke1 Rxh2 36. Ng5 Rxb2 37. Rxb2 Rxb2 38. Rh7+ Kg6 39. f4 c4
40. Rxf7 c3 41. Rxb7 Rb1+ 42. Ke2 c2 43. Rc7 c1=Q 44. Rxc1 Rxc1 45. Nxe6 b3 46.
f5+ Kf7 47. g5 b2 48. g6+ Kf6 49. g7 Rg1 0-1

[Event "Open Hradec Králové 2017"]
[Site "Hradec Králové"]
[Date "2017.10.03"]
[Round "3"]
[White "Bartos, Jan"]
[Black "Vochozka, Jindrich"]
[Result "1-0"]
[WhiteElo "2227"]
[BlackElo "1802"]
[PlyCount "59"]
[EventDate "2017.10.01"]

1. d4 d5 2. c4 e6 3. Nf3 Nf6 4. Nc3 c6 5. e3 Nbd7 6. Bd3 dxc4 7. Bxc4 Nb6 8.
Bb3 Bd7 9. e4 Be7 10. Bg5 O-O 11. e5 Nfd5 12. Bxe7 Qxe7 13. Ne4 Qb4+ 14. Qd2
Qxd2+ 15. Kxd2 Rac8 16. g3 Rc7 17. Ne1 Nc8 18. Nd3 b6 19. Rhc1 Nce7 20. Nd6 g6
21. Rc2 Nf5 22. Nxf5 gxf5 23. Bxd5 exd5 24. Nb4 Rfc8 25. Rac1 Be6 26. Rxc6 Rxc6
27. Rxc6 Rxc6 28. Nxc6 a5 29. b4 a4 30. b5 1-0

[Event "Open Hradec Králové 2017"]
[Site "Hradec Králové"]
[Date "2017.10.03"]
[Round "3"]
[White "Leutwyler, Mathias"]
[Black "Rokos, Filip"]
[Result "1-0"]
[WhiteElo "2109"]
[BlackElo "1806"]
[PlyCount "93"]
[EventDate "2017.10.01"]

1. d4 Nf6 2. Bf4 e6 3. e3 d5 4. Nd2 Bd6 5. Bg3 c5 6. c3 O-O 7. Bd3 Nc6 8. Ngf3
Qe7 9. Ne5 Nd7 10. Nxd7 Bxd7 11. Bxd6 Qxd6 12. dxc5 Qxc5 13. Bxh7+ Kxh7 14.
Qh5+ Kg8 15. Ne4 g6 16. Nxc5 gxh5 17. Nxd7 Rfd8 18. Nf6+ Kf8 19. Nxh5 Ke7 20.
f4 f5 21. Ng3 Na5 22. Kf2 Nc4 23. b3 Nd6 24. Rad1 Rac8 25. Rd3 Rc7 26. Rhd1 b5
27. Kf3 Ne4 28. Ne2 Rdc8 29. h3 Nxc3 30. Nxc3 Rxc3 31. Rxc3 Rxc3 32. Rd2 a5 33.
g4 fxg4+ 34. hxg4 a4 35. bxa4 bxa4 36. f5 exf5 37. gxf5 Rc5 38. Kf4 Kf6 39. Rd4
Ra5 40. a3 Kf7 41. Ke5 Rb5 42. Rxd5 Rb3 43. e4 Rxa3 44. Ra5 Ra1 45. Ra7+ Kf8
46. Kf6 Ke8 47. e5 1-0

[Event "Open Hradec Králové 2017"]
[Site "Hradec Králové"]
[Date "2017.10.03"]
[Round "3"]
[White "Riha, Vojtech"]
[Black "Roessel, Louis"]
[Result "1/2-1/2"]
[WhiteElo "2108"]
[BlackElo "1831"]
[PlyCount "106"]
[EventDate "2017.10.01"]

1. e4 c5 2. b4 cxb4 3. a3 e5 4. axb4 Bxb4 5. c3 Be7 6. d4 d6 7. f4 Nf6 8. Bd3
Qc7 9. Nf3 Bg4 10. O-O O-O 11. h3 Bxf3 12. Rxf3 Nc6 13. Be3 Rfe8 14. Na3 a6 15.
Nc2 Bf8 16. fxe5 dxe5 17. Bg5 Be7 18. Bxf6 Bxf6 19. Ne3 exd4 20. Nd5 Qe5 21.
Rf5 Qg3 22. Rf3 Qe5 23. Rf5 Qg3 24. Rf3 Qg5 25. Rf5 Qh4 26. Rf4 Qh6 27. Nxf6+
gxf6 28. Qg4+ Kh8 29. cxd4 Rg8 30. Qf5 Nxd4 31. Qxf6+ Qxf6 32. Rxf6 Kg7 33. Rb6
Ne6 34. Bc4 Nc5 35. Bd5 Rge8 36. Bxb7 Rab8 37. Rab1 Nxb7 38. Rxb7 Rxb7 39. Rxb7
Rxe4 40. Ra7 Ra4 41. Kf2 Ra3 42. g3 Kg6 43. Ra8 a5 44. Ra7 a4 45. Ra5 Ra1 46.
g4 a3 47. Kg2 Kf6 48. Ra8 Ke5 49. Ra7 h6 50. Rxf7 Rc1 51. Ra7 Rc2+ 52. Kg3 a2
53. h4 Rc3+ 1/2-1/2

[Event "Open Hradec Králové 2017"]
[Site "Hradec Králové"]
[Date "2017.10.03"]
[Round "3"]
[White "Kuru, Martin"]
[Black "Belus, Benjamin"]
[Result "0-1"]
[WhiteElo "1927"]
[BlackElo "1941"]
[PlyCount "62"]
[EventDate "2017.10.01"]

1. d4 {[%emt 0:00:00]} d5 2. Nf3 Nf6 3. Bf4 e6 4. e3 Bd6 5. Bg5 Nbd7 6. c3 h6
7. Bh4 c5 8. Nbd2 b6 9. Bd3 a5 10. Qe2 c4 11. Bc2 Be7 12. O-O O-O 13. e4 b5 14.
e5 Nh5 15. Bxe7 Qxe7 16. Rfe1 f5 17. exf6 Rxf6 18. Ne5 Nf4 19. Qe3 Nxe5 20.
Qxe5 Qf8 21. Qe3 Bd7 22. Qg3 Be8 23. b3 Bg6 24. Bd1 Bd3 25. Bf3 Rb8 26. h4 Qa3
27. Nf1 Qb2 28. Rec1 Be2 29. Re1 Bxf3 30. Qxf3 Nd3 31. Qg3 Rbf8 0-1

[Event "Open Hradec Králové 2017"]
[Site "Hradec Králové"]
[Date "2017.10.03"]
[Round "3"]
[White "Nemec, Otakar"]
[Black "Svec, Ludek"]
[Result "1/2-1/2"]
[WhiteElo "1885"]
[BlackElo "1698"]
[PlyCount "54"]
[EventDate "2017.10.01"]

1. e4 c5 2. c3 Nf6 3. e5 Nd5 4. d4 cxd4 5. cxd4 e6 6. Nf3 Nc6 7. Bc4 d6 8. Bxd5
exd5 9. O-O Be7 10. Nc3 dxe5 11. dxe5 Be6 12. Bf4 O-O 13. Qd2 Qa5 14. a3 Rfd8
15. Nd4 Nxd4 16. Qxd4 Qc7 17. Rac1 Qc4 18. Qd2 Rac8 19. Rfd1 Qb3 20. Ne2 h6 21.
Nd4 Qa4 22. Be3 Rxc1 23. Rxc1 Qa6 24. f4 f5 25. Qf2 Rc8 26. Rxc8+ Bxc8 27. Qc2
Qc4 1/2-1/2

[Event "Open Hradec Králové 2017"]
[Site "Hradec Králové"]
[Date "2017.10.03"]
[Round "3"]
[White "Tarimo, Didik Widiarso"]
[Black "Portych, Vaclav"]
[Result "1-0"]
[WhiteElo "1673"]
[BlackElo "1869"]
[PlyCount "59"]
[EventDate "2017.10.01"]

1. d4 Nf6 2. Bf4 e6 3. e3 d5 4. c3 c5 5. Nd2 cxd4 6. exd4 Be7 7. Bd3 h6 8. h3
O-O 9. Ngf3 Nc6 10. Qe2 a6 11. g4 b5 12. g5 Nh5 13. Be3 hxg5 14. Nxg5 g6 15.
Rg1 Ng7 16. O-O-O e5 17. Nxf7 Rxf7 18. Rxg6 e4 19. Nxe4 Nxd4 20. Bxd4 Bf5 21.
Nf6+ Bxf6 22. Bxf5 Bxd4 23. Be6 Bf6 24. Rxd5 Qe8 25. Rxf6 Nxe6 26. Rxe6 Qf8 27.
Rg6+ Rg7 28. Qe6+ Qf7 29. Rxg7+ Kxg7 30. Rg5+ 1-0

[Event "Open Hradec Králové 2017"]
[Site "Hradec Králové"]
[Date "2017.10.03"]
[Round "3"]
[White "Sarvadh, Sathiaram"]
[Black "Hassemeier, Mika"]
[Result "1/2-1/2"]
[WhiteElo "1606"]
[BlackElo "1864"]
[PlyCount "64"]
[EventDate "2017.10.01"]

1. e4 c5 2. Nf3 e6 3. d4 cxd4 4. Nxd4 Nf6 5. Nc3 Bb4 6. e5 Nd5 7. Bd2 Bxc3 8.
bxc3 O-O 9. f4 d6 10. exd6 Qxd6 11. Qf3 a6 12. Be2 Nc6 13. Nxc6 Qxc6 14. c4 Ne7
15. O-O Rd8 16. Rad1 Bd7 17. Qxc6 Bxc6 18. Ba5 Re8 19. Rd2 b5 20. Rfd1 bxc4 21.
Bxc4 Nd5 22. Bxd5 Bxd5 23. a3 h6 24. Rc1 Rec8 25. c4 Rxc4 26. Rxc4 Bxc4 27.
Rd8+ Rxd8 28. Bxd8 f6 29. Bc7 g5 30. g3 Kf7 31. Kf2 Kg6 32. h4 gxh4 1/2-1/2

[Event "Open Hradec Králové 2017"]
[Site "Hradec Králové"]
[Date "2017.10.03"]
[Round "3"]
[White "Majerik, Vladimir"]
[Black "Tichy, Vaclav"]
[Result "1-0"]
[WhiteElo "1826"]
[BlackElo "1594"]
[PlyCount "99"]
[EventDate "2017.10.01"]

1. d4 d5 2. Bg5 Nc6 3. e3 Bf5 4. c3 h6 5. Bh4 Nf6 6. Nf3 g5 7. Bg3 Ne4 8. Nbd2
f6 9. Nxe4 Bxe4 10. Nd2 h5 11. h4 g4 12. Nxe4 dxe4 13. Qb3 Na5 14. Qb5+ c6 15.
Qf5 Qd5 16. Qxd5 cxd5 17. Bb5+ Kd8 18. O-O a6 19. Be2 Bh6 20. b3 b5 21. a4 Nxb3
22. Ra3 Nd2 23. Rfa1 Nc4 24. R3a2 bxa4 25. Rxa4 a5 26. Bxc4 dxc4 27. Rxa5 Rxa5
28. Rxa5 Bg7 29. Rc5 Kd7 30. Rxc4 Rc8 31. Rxc8 Kxc8 32. Kf1 Kd7 33. Ke2 e6 34.
Kd2 Kc6 35. c4 Bf8 36. Kc3 Be7 37. Bf4 Bd8 38. Kb3 Be7 39. Ka4 Bd8 40. Bh6 Be7
41. g3 Bd8 42. Bf8 f5 43. Bb4 Bf6 44. Ka5 Bd8+ 45. Ka6 Bc7 46. Ka7 Kd7 47. Kb7
Bd8 48. c5 Bc7 49. c6+ Kd8 50. Be7+ 1-0

[Event "Open Hradec Králové 2017"]
[Site "Hradec Králové"]
[Date "2017.10.03"]
[Round "3"]
[White "Aird, Ian"]
[Black "Kirs, Pavel"]
[Result "1-0"]
[WhiteElo "1809"]
[BlackElo "1587"]
[PlyCount "55"]
[EventDate "2017.10.01"]

1. e4 e5 2. Nf3 Nc6 3. Bc4 Bc5 4. c3 Nf6 5. d3 d6 6. Bb3 h6 7. h3 O-O 8. Nbd2
Be6 9. Bc2 a6 10. Nf1 Ne7 11. g4 g5 12. Ng3 Ng6 13. Nf5 Bxf5 14. gxf5 Nf4 15.
Bxf4 gxf4 16. Qe2 Kh7 17. O-O-O Rg8 18. d4 Bb6 19. dxe5 Rg2 20. Rhf1 Nh5 21.
Qc4 Qe7 22. exd6 cxd6 23. e5 Qf8 24. Rxd6 Bxf2 25. f6+ Kh8 26. Rd7 Be3+ 27. Kb1
Rc8 28. Rxf7 1-0

[Event "Open Hradec Králové 2017"]
[Site "Hradec Králové"]
[Date "2017.10.03"]
[Round "3"]
[White "Vacek, Jaroslav"]
[Black "Izadian, Bizhan"]
[Result "1-0"]
[WhiteElo "1694"]
[BlackElo "1503"]
[PlyCount "97"]
[EventDate "2017.10.01"]

1. e4 c5 2. Nf3 d6 3. d4 cxd4 4. Nxd4 Nc6 5. Bb5 Bd7 6. Nc3 Nxd4 7. Bxd7+ Qxd7
8. Qxd4 a6 9. Be3 Rc8 10. O-O Qc6 11. Nd5 Qb5 12. c3 e5 13. Qb6 Qd7 14. Qb3 Rc6
15. f4 Ne7 16. c4 Nxd5 17. cxd5 Rc7 18. Rac1 exf4 19. Rxc7 Qxc7 20. Rc1 Qd7 21.
Bxf4 Be7 22. Qc3 O-O 23. Qc7 Rd8 24. Qxd7 Rxd7 25. Rc8+ Bf8 26. Kf2 f6 27. Be3
Kf7 28. Bb6 Be7 29. g4 g6 30. Ke3 h5 31. h3 Kg7 32. Kf4 Bf8 33. gxh5 gxh5 34.
Kf5 Kf7 35. Rc7 Rxc7 36. Bxc7 Ke7 37. Kg6 h4 38. Ba5 f5 39. exf5 Kd7 40. f6 b5
41. Bd2 Ke8 42. Bh6 Bxh6 43. Kxh6 Kf7 44. Kg5 a5 45. b3 b4 46. Kf5 Kf8 47. Ke6
Ke8 48. Kxd6 Kf8 49. Kc7 1-0

[Event "Open Hradec Králové 2017"]
[Site "Hradec Králové"]
[Date "2017.10.03"]
[Round "3"]
[White "Valik, Ondrej"]
[Black "Voith, Walter"]
[Result "0-1"]
[WhiteElo "1532"]
[BlackElo "1460"]
[PlyCount "78"]
[EventDate "2017.10.01"]

1. c4 {[%emt 0:00:00]} Nf6 2. Nf3 e6 3. Nc3 b6 4. a3 Bb7 5. e3 Be7 6. d4 c5 7.
Bd3 O-O 8. O-O d5 9. Qc2 h6 10. cxd5 exd5 11. dxc5 bxc5 12. Rd1 Nbd7 13. b3 Qc8
14. Bb2 a6 15. Na4 Qc6 16. Rac1 Rac8 17. Qe2 Qe6 18. Nd2 Rfe8 19. Re1 Bf8 20.
h3 Bd6 21. f4 Bb8 22. Qf3 Ba7 23. Kh1 Rc7 24. f5 Qd6 25. Qf2 Nh5 26. Nf1 Ne5
27. Be2 Nf6 28. Ng3 Rce7 29. Bxe5 Rxe5 30. Bf3 Qe7 31. Nf1 Rxf5 32. Qh4 Re5 33.
g4 d4 34. e4 Qe6 35. Ng3 Qxb3 36. Bd1 Qxa3 37. Bc2 c4 38. Ra1 Qf3+ 39. Kh2 Qf2+
0-1

[Event "Open Hradec Králové 2017"]
[Site "Hradec Králové"]
[Date "2017.10.04"]
[Round "4"]
[White "Geller, Jakov"]
[Black "Piankov, Evgenij"]
[Result "1-0"]
[WhiteElo "2526"]
[BlackElo "2254"]
[PlyCount "97"]
[EventDate "2017.10.01"]

1. e4 {[%emt 0:00:00]} c6 2. d4 d5 3. Nc3 g6 4. e5 Bg7 5. f4 Nh6 6. Be3 Qb6 7.
b3 O-O 8. Qd2 Ng4 9. Nf3 Nxe3 10. Qxe3 Bg4 11. O-O-O f6 12. Be2 Na6 13. h3 Bxf3
14. Bxf3 Bh6 15. g3 fxe5 16. Qxe5 Qb4 17. Nxd5 cxd5 18. Bxd5+ Rf7 19. Kb2 Bg7
20. Bxf7+ Kxf7 21. Qd5+ e6 22. Qd7+ Qe7 23. Qxe7+ Kxe7 24. Rhe1 Rd8 25. c3 Nc7
26. a3 Kf7 27. Kc2 Nb5 28. a4 Nc7 29. b4 Nd5 30. Kb3 h5 31. Re4 Nf6 32. Re2 Nd5
33. Rde1 Nc7 34. a5 a6 35. Re4 Rd6 36. g4 hxg4 37. hxg4 Nd5 38. c4 Nf6 39. R4e2
Nxg4 40. d5 exd5 41. Re7+ Kg8 42. c5 Rf6 43. Rxb7 d4 44. Re8+ Bf8 45. Rb6 Rxf4
46. c6 Rf3+ 47. Ka4 Ne3 48. c7 Nc4 49. Rxa6 1-0